000 00355nam a2200133Ia 4500
008 151001s9999||||xx |||||||||||||| ||und||
100 _aQwilers A.t Cough
245 _aTales from shakespers
250 _a1
260 _bEdward Arnold
260 _c1919
300 _a158
365 _b7
999 _c949903
_d949900